| 000 | 00912nam a2200277 a 4500 | ||
|---|---|---|---|
| 999 |
_c755 _d755 |
||
| 008 | 191028s2013 ii a|||g |||| 001 0 eng d | ||
| 020 |
_a9789382291572 _cRs. 425.00 |
||
| 040 |
_aKO _beng |
||
| 041 | 0 | _aeng | |
| 044 | _aii | ||
| 082 | 0 | 4 |
_223 _a604.2 _bSi472 |
| 100 | 1 | _aSimmons, Colin H. | |
| 245 | 1 | 0 |
_aManual of Engineering Drawing : _bTechnical Product Specification and Documentation to British and International Standards / _cColin H. Simmons, Neil Phelps, Dennis E. Maguire |
| 250 | _a4th ed. | ||
| 260 |
_aNew Delhi : _bReed Elsevier India Private Limited, _c2013 |
||
| 300 |
_aix, 369 p. : _bill. ; _c28 cm. |
||
| 504 | _aIncludes index. | ||
| 650 | 0 |
_aMechanical drawing _vTextbooks |
|
| 650 | 0 |
_aGeometrical drawing _vTextbooks |
|
| 650 | 0 |
_aDesign _xComputer-aided design |
|
| 700 | 1 |
_aPhelps, Neil _eaut |
|
| 700 | 1 |
_aMaguire, Dennis E. _eaut |
|
| 904 | _aS_JOY | ||
| 942 | _cBK | ||